00475 2200193 4500001002100000005001500021008004100036020002200077035001900099041000700118082001000125090001600135100001700151245002300168250001000191260002600201300003100227650002300258INLIS00000000001735620241224115309241224||||||||| | ||| |||| || |  a978-602-8023-87-0 0010-1224017356 aid0 a859.8 a859.8 SUH m0 aNeni Suhaeni00amengenal borobudur aCet.1 bPENERBIT NUANSAc2008 a76 hlm.; 14,8 cm x 20,3 cm 0amengenal borobudur